LEADER 01745oas 2200505 450 001 9910717118803321 005 20220217170008.0 035 $a(CKB)5470000002529031 035 $a(OCoLC)300804154 035 $a(EXLCZ)995470000002529031 100 $a20090131a19919999 ua 101 0 $aeng 135 $aur||||||||||| 181 $ctxt$2rdacontent 182 $cc$2rdamedia 183 $acr$2rdacarrier 200 10$aNIST standard reference materials catalog 210 1$a[Gaithersburg, Md.] :$cU.S. Department of Commerce, National Institute of Standards and Technology,$d1990- 215 $a1 online resource (volumes) 225 1 $aNIST special publication ;$v260 300 $aPublished: Gaithersburg, MD : Standard Reference Materials Program, National Institute of Standards and Technology, 1992/93- 517 1 $aNational Institute of Standards and Technology standard reference materials catalog 517 1 $aStandard reference materials catalog 517 1 $aSRM catalog 606 $aMaterials$xStandards$zUnited States$vCatalogs$vPeriodicals 606 $aMaterials$xStandards$2fast 607 $aUnited States$2fast 608 $aCatalogs.$2fast 608 $aPeriodicals.$2fast 608 $aCatalogs.$2lcgft 615 0$aMaterials$xStandards 615 7$aMaterials$xStandards. 676 $a620.11 712 02$aStandard Reference Materials Program (National Institute of Standards and Technology (U.S.)), 801 0$bOCLCE 801 1$bOCLCE 801 2$bOCLCQ 801 2$bOCLCF 801 2$bOCLCO 801 2$bOCLCQ 801 2$bGPO 906 $aJOURNAL 912 $a9910717118803321 996 $aNIST standard reference materials catalog$93274288 997 $aUNINA